000 00754nam a22002057a 4500
999 _c57757
_d57757
005 20221107104838.0
008 201102s2020 enk||||| |||| 00| 0 eng d
020 _a9780367174354x
041 _aeng
080 _a004.6 G-37
100 _aGeorge, Darren
_99691
245 _aIBM SPSS Statistics 26 Step by Step :
_bA Simple Guide and Reference /
_cDarren George (Author), Paul Mallery (Author).
250 _a16th Edition
264 _aNew York :
_bRoutledge,
_c2020.
300 _a386 p.
_b30 cm.
653 _aინფორმაციული ტექნოლოგიები
653 _aკომპიუტერული მეცნიერებები
700 _aMallery, Paul
_eავტორი
_99692
942 _2udc
_cBK